<?xml version="1.0" encoding="UTF-8"?>
<record
    xmlns:xsi="http://www.w3.org/2001/XMLSchema-instance"
    xsi:schemaLocation="http://www.loc.gov/MARC21/slim http://www.loc.gov/standards/marcxml/schema/MARC21slim.xsd"
    xmlns="http://www.loc.gov/MARC21/slim">

  <leader>03416aam a2200385 i 4500</leader>
  <controlfield tag="001">ocm77536517</controlfield>
  <controlfield tag="003">EG-ScBUE</controlfield>
  <controlfield tag="005">20240225110224.0</controlfield>
  <controlfield tag="008">070105s2005    nyu    f      001 j eng d</controlfield>
  <datafield tag="020" ind1=" " ind2=" ">
    <subfield code="a">9780553277456</subfield>
  </datafield>
  <datafield tag="035" ind1=" " ind2=" ">
    <subfield code="a">(OCoLC)ocm77536517</subfield>
  </datafield>
  <datafield tag="035" ind1=" " ind2=" ">
    <subfield code="a">(OCoLC)77536517</subfield>
  </datafield>
  <datafield tag="040" ind1=" " ind2=" ">
    <subfield code="a">BGC</subfield>
    <subfield code="b">eng</subfield>
    <subfield code="e">rda</subfield>
    <subfield code="c">BGC</subfield>
    <subfield code="d">HNK</subfield>
    <subfield code="d">CDX</subfield>
    <subfield code="d">OCLCQ</subfield>
    <subfield code="d">BDX</subfield>
    <subfield code="d">IAD</subfield>
    <subfield code="d">CNTCS</subfield>
    <subfield code="d">WIM</subfield>
    <subfield code="d">OCLCO</subfield>
    <subfield code="d">OCLCQ</subfield>
    <subfield code="d">OCLCF</subfield>
    <subfield code="d">IAD</subfield>
    <subfield code="d">OCL</subfield>
    <subfield code="d">EG-ScBUE</subfield>
  </datafield>
  <datafield tag="082" ind1="0" ind2="4">
    <subfield code="a">808.831</subfield>
    <subfield code="2">22</subfield>
    <subfield code="b">FIF</subfield>
  </datafield>
  <datafield tag="245" ind1="0" ind2="0">
    <subfield code="a">50 great short stories /</subfield>
    <subfield code="c">edited by Milton Crane.</subfield>
  </datafield>
  <datafield tag="246" ind1="3" ind2=" ">
    <subfield code="a">Fifty great short stories</subfield>
  </datafield>
  <datafield tag="264" ind1=" " ind2="1">
    <subfield code="a">New York :</subfield>
    <subfield code="b">Bantam Dell,</subfield>
    <subfield code="c">2005.</subfield>
  </datafield>
  <datafield tag="300" ind1=" " ind2=" ">
    <subfield code="a">571 pages ;</subfield>
    <subfield code="c">18 cm.</subfield>
  </datafield>
  <datafield tag="336" ind1=" " ind2=" ">
    <subfield code="a">text</subfield>
    <subfield code="b">txt</subfield>
    <subfield code="2">rdacontent</subfield>
  </datafield>
  <datafield tag="337" ind1=" " ind2=" ">
    <subfield code="a">unmediated</subfield>
    <subfield code="b">n</subfield>
    <subfield code="2">rdamedia</subfield>
  </datafield>
  <datafield tag="338" ind1=" " ind2=" ">
    <subfield code="a">volume</subfield>
    <subfield code="b">nc</subfield>
    <subfield code="2">rdacarrier</subfield>
  </datafield>
  <datafield tag="490" ind1="0" ind2=" ">
    <subfield code="a">Bantam classic</subfield>
  </datafield>
  <datafield tag="500" ind1=" " ind2=" ">
    <subfield code="a">"Original Bantam edition published August 1952 ... Bantam Classic reissue September 2005"--Title page verso.</subfield>
  </datafield>
  <datafield tag="500" ind1=" " ind2=" ">
    <subfield code="a">Includes index.</subfield>
  </datafield>
  <datafield tag="505" ind1="0" ind2="0">
    <subfield code="t">The garden party /</subfield>
    <subfield code="r">Katherine Mansfield --</subfield>
    <subfield code="t">The three-day blow /</subfield>
    <subfield code="r">Ernest Hemingway --</subfield>
    <subfield code="t">The standard of living /</subfield>
    <subfield code="r">Dorothy Parker --</subfield>
    <subfield code="t">The Saint /</subfield>
    <subfield code="r">V.S. Pritchett --</subfield>
    <subfield code="t">The other side of the hedge /</subfield>
    <subfield code="r">E.M. Forster --</subfield>
    <subfield code="t">Brooksmith /</subfield>
    <subfield code="r">Henry James --</subfield>
    <subfield code="t">The jockey /</subfield>
    <subfield code="r">Carson McCullers --</subfield>
    <subfield code="t">The courting of Dinah Shadd /</subfield>
    <subfield code="r">Rudyard Kipling --</subfield>
    <subfield code="t">The shot /</subfield>
    <subfield code="r">Alexander Poushkin ; translated by T. Keane --</subfield>
    <subfield code="t">Graven Image /</subfield>
    <subfield code="r">John O'Hara --</subfield>
    <subfield code="t">Putois /</subfield>
    <subfield code="r">Anatole France --</subfield>
    <subfield code="t">Only the dead know Brooklyn /</subfield>
    <subfield code="r">Thomas Wolfe --</subfield>
    <subfield code="t">A.V. Laider /</subfield>
    <subfield code="r">Max Beerbohm --</subfield>
    <subfield code="t">The lottery /</subfield>
    <subfield code="r">Shirley Jackson --</subfield>
    <subfield code="t">The masque of the Red Death /</subfield>
    <subfield code="r">Edgar Allan Poe --</subfield>
    <subfield code="t">Looking back /</subfield>
    <subfield code="r">Guy de Maupassant --</subfield>
    <subfield code="t">The man higher up /</subfield>
    <subfield code="r">O. Henry --</subfield>
    <subfield code="t">The summer of the beautiful white horse /</subfield>
    <subfield code="r">William Saroyan.</subfield>
  </datafield>
  <datafield tag="505" ind1="0" ind2="0">
    <subfield code="t">The other two /</subfield>
    <subfield code="r">Edith Wharton --</subfield>
    <subfield code="t">Theft /</subfield>
    <subfield code="r">Katherine Anne Porter --</subfield>
    <subfield code="t">A good man is hard to find /</subfield>
    <subfield code="r">Flannery O'Connor --</subfield>
    <subfield code="t">The man of the house /</subfield>
    <subfield code="r">Frank O'Connor --</subfield>
    <subfield code="t">The man who shot snapping turtles /</subfield>
    <subfield code="r">Edmund Wilson --</subfield>
    <subfield code="t">The Gioconda smile /</subfield>
    <subfield code="r">Aldous Huxley --</subfield>
    <subfield code="t">The curfew tolls /</subfield>
    <subfield code="r">Stephen Vincent Benet --</subfield>
    <subfield code="t">Father wakes up the village /</subfield>
    <subfield code="r">Clarence Day --</subfield>
    <subfield code="t">Ivy Day in the committee room /</subfield>
    <subfield code="r">James Joyce --</subfield>
    <subfield code="t">The chrysanthemums /</subfield>
    <subfield code="r">John Steinbeck --</subfield>
    <subfield code="t">The door /</subfield>
    <subfield code="r">E.B. White --</subfield>
    <subfield code="t">An upheaval /</subfield>
    <subfield code="r">Anton Chekhov --</subfield>
    <subfield code="t">How beautiful with shoes /</subfield>
    <subfield code="r">Wilbur Daniel Steele --</subfield>
    <subfield code="t">A haunted house /</subfield>
    <subfield code="r">Virginia Woolf --</subfield>
    <subfield code="t">The catbird seat /</subfield>
    <subfield code="r">James Thurber --</subfield>
    <subfield code="t">The Schartz-Metterklume method /</subfield>
    <subfield code="r">H.H. Munro --</subfield>
    <subfield code="t">The death of a Bachelor /</subfield>
    <subfield code="r">Arthur Schnitzler --</subfield>
    <subfield code="t">The apostate /</subfield>
    <subfield code="r">George Milburn --</subfield>
    <subfield code="t">The Phoenix /</subfield>
    <subfield code="r">Sylvia Townsend Warner --</subfield>
    <subfield code="t">That evening sun /</subfield>
    <subfield code="r">William Faulkner.</subfield>
  </datafield>
  <datafield tag="505" ind1="0" ind2="0">
    <subfield code="t">The law /</subfield>
    <subfield code="r">Robert M. Coates --</subfield>
    <subfield code="t">The tale /</subfield>
    <subfield code="r">Joseph Conrad --</subfield>
    <subfield code="t">A girl from Red Lion, PA /</subfield>
    <subfield code="r">H.L. Mencken --</subfield>
    <subfield code="t">Main currents of American thought /</subfield>
    <subfield code="r">Irwin Shaw --</subfield>
    <subfield code="t">The ghosts /</subfield>
    <subfield code="r">Lord Dunsany --</subfield>
    <subfield code="t">The minister's black veil /</subfield>
    <subfield code="r">Nathaniel Hawthorne --</subfield>
    <subfield code="t">A string of beads /</subfield>
    <subfield code="r">W. Somerset Maugham --</subfield>
    <subfield code="t">The golden honeymoon /</subfield>
    <subfield code="r">Ring Lardner --</subfield>
    <subfield code="t">The man who could work miracles /</subfield>
    <subfield code="r">H.G. Wells --</subfield>
    <subfield code="t">The foreigner /</subfield>
    <subfield code="r">Francis Steegmuller --</subfield>
    <subfield code="t">Thrawn Janet /</subfield>
    <subfield code="r">Robert Louis Stevenson --</subfield>
    <subfield code="t">The chaser /</subfield>
    <subfield code="r">John Collier.</subfield>
  </datafield>
  <datafield tag="520" ind1=" " ind2=" ">
    <subfield code="a">"50 Great Short Stories is a comprehensive selection from the world's finest short fiction ..."--Cover.</subfield>
  </datafield>
  <datafield tag="650" ind1=" " ind2="7">
    <subfield code="a">Short stories</subfield>
    <subfield code="v">Translations into English.</subfield>
    <subfield code="2">BUEsh</subfield>
  </datafield>
  <datafield tag="653" ind1=" " ind2=" ">
    <subfield code="b">HHUUEENN</subfield>
    <subfield code="c">March2022</subfield>
  </datafield>
  <datafield tag="655" ind1=" " ind2=" ">
    <subfield code="v">Reading book</subfield>
    <subfield code="9">34232</subfield>
  </datafield>
  <datafield tag="700" ind1="1" ind2=" ">
    <subfield code="a">Crane, Milton,</subfield>
    <subfield code="d">1917-</subfield>
    <subfield code="e">editor.</subfield>
  </datafield>
  <datafield tag="942" ind1=" " ind2=" ">
    <subfield code="2">ddc</subfield>
    <subfield code="c">BB</subfield>
  </datafield>
  <datafield tag="999" ind1=" " ind2=" ">
    <subfield code="c">29832</subfield>
    <subfield code="d">29803</subfield>
  </datafield>
  <datafield tag="952" ind1=" " ind2=" ">
    <subfield code="0">0</subfield>
    <subfield code="1">0</subfield>
    <subfield code="2">ddc</subfield>
    <subfield code="4">0</subfield>
    <subfield code="7">0</subfield>
    <subfield code="8">Alahram</subfield>
    <subfield code="a">MAIN</subfield>
    <subfield code="b">MAIN</subfield>
    <subfield code="c">2ND</subfield>
    <subfield code="d">2022-03-03</subfield>
    <subfield code="e">Purchase</subfield>
    <subfield code="g">135.00</subfield>
    <subfield code="h">282</subfield>
    <subfield code="l">2</subfield>
    <subfield code="m">11</subfield>
    <subfield code="o">808.831 FIF</subfield>
    <subfield code="p">000056190</subfield>
    <subfield code="r">2025-09-30 00:00:00</subfield>
    <subfield code="s">2025-05-24</subfield>
    <subfield code="v">168.75</subfield>
    <subfield code="w">2022-03-03</subfield>
    <subfield code="y">BB</subfield>
  </datafield>
</record>
